| 000 | 00830cam a22002411 4500 | ||
|---|---|---|---|
| 001 | ne 68004170 | ||
| 003 | DLC | ||
| 005 | 20260227111849.0 | ||
| 008 | 910222s1955 ir b 000 0 perr | ||
| 010 | _ane 68004170 | ||
| 035 | _a(OCoLC)23138986 | ||
| 040 |
_aDLC _cCU _dCU _dDLC |
||
| 042 | _apremarc | ||
| 050 | 0 | 0 |
_aDS324.L3 _bI67 |
| 100 | 1 | _aIqtidārī, Aḥmad. | |
| 245 | 1 | 0 |
_aLāristān-i kuhan, _bdarbārah-i Lāristān-i qadīm. _cTaʼlīf-i Aḥmad Iqtidārī. |
| 246 | 1 |
_iTitle on p. [4] of cover: _aLârestân-e-kohan |
|
| 260 |
_aTihrān, _c1334 [1955] |
||
| 300 |
_a221 p. _c22 cm. |
||
| 504 | _aBibliography: p. 20-26. | ||
| 505 | 0 | _aTaḥqīqāt dar bārah-i tārīkh-i va jughrāfiyāy-i tārīkhī-i Lāristān-i rajāl-i ʻilmī, Shāʻirān va Mulfīn Lāristān. | |
| 651 | 0 | _aLāristān (Iran : Region) | |
| 999 |
_c50960 _d50960 |
||